[Event "Tournoi Skype 025B"]
[Site "Skype"]
[Date "????.??.??"]
[Round "2.23"]
[White "Pouteau, Pascal"]
[Black "Lecluyse, Koenraad"]
[Result "1-0"]
[WhiteElo "1457"]
[BlackElo "1173"]
[PlyCount "61"]

1. d4 d5 2. c4 Nf6 3. Nc3 e6 4. Bg5 Bb4 5. e3 Bxc3+ 6. bxc3 dxc4 7. Bxc4 O-O 8.
Nf3 Nc6 9. O-O h6 10. Bh4 Re8 11. Qc2 e5 12. d5 Na5 13. Bb5 c6 14. dxc6 bxc6
15. Rad1 Qe7 16. Bd3 Qe6 17. Rfe1 e4 18. Bxf6 exd3 19. Rxd3 Qxf6 20. Qd2 Nc4
21. Qe2 Ba6 22. Rd4 Qe6 23. Qc2 c5 24. Rdd1 Bb7 25. Nh4 Qf6 26. Nf5 Qg5 27. Ng3
h5 28. Qf5 Qh4 29. Rd7 Bc6 30. Qxf7+ Kh8 31. Qxg7# 1-0

[Event "Tournoi Skype 025B"]
[Site "Skype"]
[Date "????.??.??"]
[Round "2.25"]
[White "Le Bouill, Pierre"]
[Black "Franca, Diego"]
[Result "0-1"]
[WhiteElo "1182"]
[BlackElo "1359"]
[PlyCount "26"]

1. e4 c6 2. c4 d5 3. d3 e6 4. cxd5 Bb4+ 5. Bd2 Bxd2+ 6. Nxd2 exd5 7. exd5 Qxd5
8. Ngf3 Nf6 9. h3 O-O 10. Be2 Bf5 11. g4 Bxd3 12. Bxd3 Qxd3 13. Nb3 Re8+ 0-1

[Event "Tournoi Skype 025B"]
[Site "Skype"]
[Date "????.??.??"]
[Round "2.26"]
[White "Cengiz, Ali Ekber"]
[Black "Luna Perez Vico, Lorenzo"]
[Result "0-1"]
[WhiteElo "1147"]
[BlackElo "1352"]
[PlyCount "62"]

1. e4 c5 2. Nf3 d6 3. Bc4 h6 4. c3 Nf6 5. d3 Nc6 6. O-O e6 7. Re1 Be7 8. Bf4
O-O 9. h3 a6 10. a3 b5 11. Bb3 Na5 12. Ba2 Bb7 13. Nbd2 Rc8 14. e5 dxe5 15.
Nxe5 Nc6 16. Ndf3 Nd5 17. Bg3 Bf6 18. Ng4 Be7 19. Qd2 Nf6 20. Nxf6+ Bxf6 21.
Bf4 Re8 22. d4 cxd4 23. cxd4 Nxd4 24. Nxd4 Qxd4 25. Qe2 Qxf4 26. g3 Qf3 27.
Qxf3 Bxf3 28. Re3 Bb7 29. Rd1 Bxb2 30. Rd7 Rc1+ 31. Kh2 Rh1# 0-1

[Event "Tournoi Skype 025B"]
[Site "Skype"]
[Date "????.??.??"]
[Round "2.27"]
[White "Borg, Anthony"]
[Black "Mimouni, Driss"]
[Result "1-0"]
[WhiteElo "1348"]
[BlackElo "1139"]
[PlyCount "81"]

1. e4 e5 2. d3 d6 3. Nc3 Nf6 4. Be3 Bg4 5. Nf3 Nc6 6. Be2 Bxf3 7. Bxf3 Be7 8.
Qd2 h6 9. O-O-O O-O 10. g4 a5 11. g5 hxg5 12. Bxg5 Nh7 13. Bxe7 Qxe7 14. h4 Qf6
15. Bg2 a4 16. a3 Nd4 17. Rh3 b5 18. Ne2 Nxe2+ 19. Qxe2 b4 20. axb4 a3 21. bxa3
Rxa3 22. Kd2 Rfa8 23. Rhh1 Qe6 24. Bf3 Ra1 25. Rxa1 Qe8 26. Rxa8 Qxa8 27. h5
Nf6 28. h6 gxh6 29. Rxh6 Qa4 30. Rxf6 Qxb4+ 31. Ke3 Qc5+ 32. d4 Qc3+ 33. Qd3
exd4+ 34. Ke2 c5 35. Rxd6 Qb4 36. Rd8+ Kg7 37. e5 c4 38. Qxd4 Qb5 39. e6+ Kg6
40. Rg8+ Kf5 41. Bg4# 1-0

[Event "Tournoi Skype 025B"]
[Site "Skype"]
[Date "????.??.??"]
[Round "2.28"]
[White "Porcabeuf, Jean-Marc"]
[Black "Scata, Laura"]
[Result "0-1"]
[WhiteElo "1129"]
[BlackElo "1320"]
[PlyCount "76"]

1. e4 c6 2. Nf3 d5 3. exd5 cxd5 4. d4 Bf5 5. h3 h6 6. Be2 Nc6 7. O-O e6 8. Re1
Bd6 9. Be3 Nf6 10. Nc3 a6 11. a3 O-O 12. Qd2 Ne4 13. Nxe4 dxe4 14. Bxh6 exf3
15. Bxf3 Qf6 16. Bg5 Qxd4 17. Qe2 Qe5 18. Qd2 Qd4 19. Qe2 Bf4 20. Rad1 Qe5 21.
Bxf4 Qxf4 22. g3 Qe5 23. Qf1 Qxb2 24. Rd7 Rab8 25. h4 Ne5 26. Rxe5 Qxe5 27. Qd1
Qb2 28. h5 Bxc2 29. Qe2 Rfc8 30. h6 Qf6 31. hxg7 Qxg7 32. Bh5 Bg6 33. Bg4 Bf5
34. Bh5 Bg6 35. Qf3 Bxh5 36. Qxh5 Rc1+ 37. Kg2 b5 38. Rd4 Qxd4 0-1

[Event "Tournoi Skype 025B"]
[Site "Skype"]
[Date "????.??.??"]
[Round "2.30"]
[White "Almiron, Patricia"]
[Black "Barrionuevo, Hilario"]
[Result "1-0"]
[WhiteElo "1270"]
[BlackElo "1121"]
[PlyCount "81"]

1. Nf3 Nc6 2. e4 e5 3. d4 Bb4+ 4. c3 Ba5 5. Bb5 a6 6. Bxc6 dxc6 7. Qa4 b6 8.
O-O Bg4 9. Nxe5 Ne7 10. Nxg4 O-O 11. Bg5 Qd7 12. Ne5 Qe6 13. Nc4 h6 14. Bxe7
Qxe7 15. e5 f6 16. Nxa5 bxa5 17. Qb3+ Rf7 18. e6 Rff8 19. Nd2 Rab8 20. Qa3 Qxe6
21. Rfe1 Qd7 22. Qe7 Rf7 23. Qe6 Re8 24. Qxe8+ Qxe8 25. Rxe8+ Kh7 26. Rd8 Re7
27. Kf1 g5 28. Re1 Rf7 29. Nb3 f5 30. Nc5 g4 31. Rb8 f4 32. Kg1 h5 33. Re5 h4
34. Rh5+ Kg6 35. Rxh4 Kg5 36. Rhh8 f3 37. Rhg8+ Kh5 38. Rh8+ Kg5 39. Ne6+ Kf5
40. Rh6 Ke4 41. Ng5+ 1-0

[Event "Tournoi Skype 025B"]
[Site "Skype"]
[Date "????.??.??"]
[Round "2.31"]
[White "Yilmazer, Seher"]
[Black "Alverson, Ginny"]
[Result "1-0"]
[WhiteElo "1241"]
[BlackElo "1078"]
[PlyCount "65"]

1. d4 Nf6 2. c4 d5 3. Nc3 c6 4. e3 Nbd7 5. Nf3 e6 6. Bd3 Bb4 7. O-O Bxc3 8.
bxc3 O-O 9. Qc2 Re8 10. Bd2 h6 11. h3 e5 12. Be2 Ne4 13. Be1 exd4 14. cxd4 a5
15. Qb1 Ndf6 16. Ne5 Qc7 17. cxd5 cxd5 18. Bd3 Bf5 19. f3 Nc3 20. Bxc3 Bxd3 21.
Qxd3 Rac8 22. Rac1 Qd6 23. Bxa5 Ra8 24. Rc5 Nd7 25. Nxd7 Qxd7 26. Qb3 Qd6 27.
Rxd5 Qe6 28. e4 Rec8 29. Bd2 Qc6 30. f4 Qa6 31. Ra5 Qd6 32. Rxa8 Qxd4+ 33. Be3
1-0

[Event "Tournoi Skype 025B"]
[Site "Skype"]
[Date "????.??.??"]
[Round "2.34"]
[White "Mendoza Lainez, Ricardo Jose"]
[Black "Swanepoel, Karel"]
[Result "1-0"]
[WhiteElo "1206"]
[BlackElo "1036"]
[PlyCount "49"]

1. e4 e5 2. Nf3 Nc6 3. Bc4 Bc5 4. Nc3 Nf6 5. O-O O-O 6. d4 exd4 7. Nd5 Nxe4 8.
Qd3 Re8 9. Bf4 d6 10. Rae1 Bf5 11. Bg5 f6 12. Nxf6+ Kh8 13. Nxe4 Qc8 14. Nh4
Ne5 15. Ng6+ Bxg6 16. Qg3 Nxc4 17. Nf6 Rxe1 18. Rxe1 gxf6 19. Bxf6+ Kg8 20. Qh4
Kf7 21. Re7+ Kg8 22. Rg7+ Kh8 23. Rxh7+ Kg8 24. Rg7+ Kf8 25. Qh8# 1-0

[Event "Tournoi Skype 025B"]
[Site "Skype"]
[Date "????.??.??"]
[Round "2.35"]
[White "De Fazio, Monica"]
[Black "Blaevoet, Rebecca"]
[Result "0-1"]
[WhiteElo "1000"]
[BlackElo "1196"]
[PlyCount "52"]

1. e4 e5 2. Nf3 d6 3. Bc4 Be6 4. Bb5+ c6 5. Ba4 Bg4 6. Qe2 b5 7. Bb3 Nf6 8. d3
Be7 9. Be3 Nbd7 10. c4 bxc4 11. Bxc4 O-O 12. Qc2 Bxf3 13. gxf3 Qa5+ 14. Nc3
Rab8 15. Rg1 Rfc8 16. Bh6 d5 17. b4 Qxb4 18. Rb1 Qa3 19. Ke2 dxc4 20. dxc4 Rc7
21. Qd2 Bb4 22. Rbc1 Nb6 23. Rcf1 Nxc4 24. Qg5 Qb2+ 25. Kd3 Qxc3+ 26. Ke2 Qd2+
0-1

[Event "Tournoi Skype 025B"]
[Site "Skype"]
[Date "????.??.??"]
[Round "2.36"]
[White "Codina, Teresa"]
[Black "Conde, Abigail"]
[Result "0-1"]
[WhiteElo "1195"]
[BlackElo "1000"]
[PlyCount "96"]

1. e4 e5 2. Nf3 Nc6 3. Bb5 a6 4. Ba4 Nf6 5. d3 b5 6. Bb3 d5 7. exd5 Nxd5 8. O-O
Be7 9. Bd2 Nf6 10. Nc3 O-O 11. Re1 Bd6 12. Ne4 Ng4 13. h3 Nh6 14. Nxd6 Qxd6 15.
Re3 Nf5 16. Re4 a5 17. a3 Be6 18. Bxe6 Qxe6 19. c3 Rae8 20. Qc2 Nd6 21. Rg4 Qf6
22. Re1 Re6 23. b3 Qf5 24. c4 b4 25. axb4 e4 26. dxe4 Qf6 27. bxa5 Nd4 28. Qc3
c5 29. e5 Nxf3+ 30. gxf3 Qe7 31. a6 Nf5 32. f4 Nd4 33. b4 f6 34. Kf1 fxe5 35.
fxe5 Rf3 36. Re3 Rf5 37. bxc5 Qxc5 38. Rxd4 Rxa6 39. Rd8+ Rf8 40. Rxf8+ Kxf8
41. Rf3+ Ke7 42. Be3 Qc6 43. Rg3 Qh1+ 44. Ke2 Ra2+ 45. Kd3 Qd1+ 46. Ke4 Ke6 47.
Qb4 Qc2+ 48. Kf4 Qf5# 0-1

[Event "Tournoi Skype 025B"]
[Site "Skype"]
[Date "????.??.??"]
[Round "2.37"]
[White "Sanchez, Pedro"]
[Black "Gagnon, Sindy"]
[Result "1-0"]
[WhiteElo "1193"]
[BlackElo "1000"]
[PlyCount "29"]

1. e4 e5 2. d4 d6 3. dxe5 Qe7 4. Nf3 dxe5 5. Bc4 Nf6 6. Ng5 Rg8 7. Bxf7+ Qxf7
8. Nxf7 Kxf7 9. O-O Nxe4 10. Qd5+ Be6 11. Qxe4 Rh8 12. Qxe5 Rg8 13. Re1 Ke8 14.
Qxe6+ Kd8 15. Qe8# 1-0

[Event "Tournoi Skype 025B"]
[Site "Skype"]
[Date "????.??.??"]
[Round "2.38"]
[White "Chavez, Isidro"]
[Black "Ramirez, Luis Antonio"]
[Result "1-0"]
[WhiteElo "1189"]
[BlackElo "1000"]
[PlyCount "121"]

1. e4 c5 2. Nf3 d6 3. Bc4 Nf6 4. Ng5 d5 5. exd5 Nxd5 6. d3 e6 7. a3 Be7 8. h4
O-O 9. d4 cxd4 10. Qd3 Nf6 11. Nf3 Nc6 12. Be3 Ng4 13. Bxd4 Nxd4 14. Qxd4 Qxd4
15. Nxd4 Bc5 16. Be2 Rd8 17. Bxg4 Rxd4 18. Be2 e5 19. c3 Rd6 20. Nd2 Bf5 21.
Nc4 Rd7 22. Nxe5 Rd5 23. Nc4 Rad8 24. O-O Be7 25. Ne3 Re5 26. Rad1 Bxh4 27.
Rxd8+ Bxd8 28. Rd1 Bg5 29. Nxf5 Rxf5 30. Bf3 h6 31. Bxb7 Bf4 32. g3 Bc7 33. Kg2
Bb6 34. f3 Re5 35. Be4 f5 36. Rd5 Bc7 37. Rxe5 Bxe5 38. Bxf5 g5 39. g4 Kg7 40.
Kh3 h5 41. gxh5 Kh6 42. Bg6 Bf6 43. Kg4 a5 44. a4 Kg7 45. b4 Bxc3 46. b5 Bd4
47. f4 Kf6 48. fxg5+ Kg7 49. h6+ Kxg6 50. Kf4 Bb6 51. Ke4 Bd8 52. Kd5 Bxg5 53.
b6 Kxh6 54. b7 Be3 55. b8=Q Bg5 56. Qb6+ Kh5 57. Qxa5 Kg4 58. Qb4+ Bf4 59. a5
Kf5 60. a6 Be3 61. Qe4+ 1-0

[Event "Tournoi Skype 025B"]
[Site "Skype"]
[Date "????.??.??"]
[Round "2.39"]
[White "Reese, Evan"]
[Black "Hargez, Dany"]
[Result "0-1"]
[WhiteElo "1000"]
[BlackElo "1189"]
[PlyCount "60"]

1. e4 e5 2. Nc3 Bc5 3. Nf3 Nf6 4. Bc4 Bd4 5. O-O Bxc3 6. bxc3 Nc6 7. Bb2 O-O 8.
Re1 d5 9. exd5 Nxd5 10. d3 Bg4 11. Bb3 Nf6 12. c4 Re8 13. h3 Bxf3 14. Qxf3 Nb4
15. Bxe5 Nc6 16. Qg3 Nxe5 17. Rxe5 Rxe5 18. Qxe5 Qd7 19. Re1 Re8 20. Qc3 c5 21.
Re3 Qd4 22. Qe1 Rxe3 23. fxe3 Qe5 24. c3 Nh5 25. Qe2 Ng3 26. Qf3 f5 27. d4 cxd4
28. c5+ Kf8 29. cxd4 Qc7 30. Qxf5+ Nxf5 0-1

[Event "Tournoi Skype 025B"]
[Site "Skype"]
[Date "????.??.??"]
[Round "2.41"]
[White "Schuh, David"]
[Black "Conde, Carmen"]
[Result "0-1"]
[WhiteElo "1000"]
[BlackElo "1183"]
[PlyCount "48"]

1. d4 d5 2. Bf4 Nd7 3. Nc3 a6 4. Nxd5 e5 5. Bxe5 Nxe5 6. dxe5 c6 7. Nf4 Qa5+ 8.
c3 Qxe5 9. e3 Nf6 10. Nf3 Qe4 11. Bd3 Qe7 12. O-O h6 13. Re1 Qc5 14. Qa4 Bd6
15. Re2 O-O 16. Rae1 Bg4 17. h3 Bxf3 18. gxf3 Qg5+ 19. Kf1 Rae8 20. Qd4 Re6 21.
Qa7 Nd5 22. Nxe6 fxe6 23. Qxb7 Bh2 24. Qxc6 Qg1# 0-1

[Event "Tournoi Skype 025B"]
[Site "Skype"]
[Date "????.??.??"]
[Round "3.1"]
[White "Couto, Januario"]
[Black "Balanagendran"]
[Result "1/2-1/2"]
[WhiteElo "1433"]
[BlackElo "1361"]
[PlyCount "69"]

1. e4 c5 2. c3 g6 3. Nf3 Bg7 4. d4 cxd4 5. Nxd4 Nc6 6. Bc4 e6 7. O-O Nge7 8.
Bg5 O-O 9. Na3 a6 10. Nac2 Re8 11. b4 b5 12. Bb3 Qb6 13. Be3 Qc7 14. a4 Bb7 15.
f3 Ne5 16. Ne2 Rac8 17. axb5 axb5 18. Ncd4 Qb6 19. Bf2 Nc4 20. Nf5 Qc7 21. Bxc4
Nxf5 22. Bxb5 Nd6 23. Ba4 Ra8 24. Bc5 Be5 25. f4 Nxe4 26. fxe5 Nxc5 27. bxc5
Qxc5+ 28. Kh1 Qxe5 29. Qxd7 Bxg2+ 30. Kxg2 Qxe2+ 31. Rf2 Qe4+ 32. Kg1 Qg4+ 33.
Kh1 Qe4+ 34. Kg1 Qg4+ 35. Kh1 1/2-1/2

[Event "Tournoi Skype 025B"]
[Site "Skype"]
[Date "????.??.??"]
[Round "3.2"]
[White "Cayo, Ana Carolina"]
[Black "Munoz Gonzalez, Martin"]
[Result "1/2-1/2"]
[WhiteElo "1431"]
[BlackElo "1353"]
[PlyCount "67"]

1. d4 e6 2. Bf4 Nf6 3. e3 d5 4. Nf3 Be7 5. c3 Bd6 6. Bg3 a6 7. Bd3 c6 8. Nbd2
Qc7 9. Bxd6 Qxd6 10. Ne5 Nbd7 11. Ndf3 Qc7 12. Rc1 Nxe5 13. Nxe5 b5 14. b3 Bb7
15. O-O O-O 16. c4 dxc4 17. bxc4 b4 18. c5 a5 19. a4 Ba6 20. Bxa6 Rxa6 21. g4
Nd7 22. f4 Nxe5 23. fxe5 Rd8 24. Qf3 Qd7 25. Rc2 Rb8 26. Rb1 Ra7 27. Rb3 Rd8
28. Rd3 Qc8 29. Rdd2 Rad7 30. Qd1 Qb7 31. Kf1 Qa6+ 32. Kg2 Kf8 33. e4 Qb7 34.
g5 1/2-1/2

[Event "Tournoi Skype 025B"]
[Site "Skype"]
[Date "????.??.??"]
[Round "3.4"]
[White "Teles, Jeferson Lisboa"]
[Black "Castellar, Juarez Iorio"]
[Result "1-0"]
[WhiteElo "1417"]
[BlackElo "1298"]
[PlyCount "107"]

1. e4 g6 2. d4 Bg7 3. Nc3 a6 4. Nf3 d6 5. Bg5 Bg4 6. Bc4 h6 7. Be3 Nf6 8. O-O
O-O 9. Bb3 Nbd7 10. e5 dxe5 11. dxe5 Ne8 12. Bf4 c6 13. Re1 e6 14. Qe2 Bxf3 15.
Qxf3 Qc7 16. Qe3 Kh7 17. Rad1 Rd8 18. Re2 Nb6 19. Rxd8 Qxd8 20. Qd2 Qe7 21. Qd1
Nc7 22. Qd6 Nc8 23. Qxe7 Nxe7 24. Ne4 Ned5 25. Bd2 b6 26. Bxd5 Nxd5 27. c4 Nc7
28. f4 Rd8 29. Be3 c5 30. b4 Bf8 31. bxc5 bxc5 32. Rd2 Rxd2 33. Bxd2 Na8 34.
Nf6+ Kg7 35. Nd7 Be7 36. Ba5 f6 37. Kf2 fxe5 38. fxe5 Kf7 39. Ke3 Ke8 40. Nb8
Bd8 41. Bxd8 Kxd8 42. Nxa6 Nb6 43. Nxc5 Nxc4+ 44. Kd4 Nb6 45. Nxe6+ Ke7 46. Nc5
g5 47. a4 Na8 48. a5 Kd8 49. Kd5 Nc7+ 50. Kc6 Kc8 51. e6 Ne8 52. a6 Nc7 53. a7
h5 54. e7 1-0

[Event "Tournoi Skype 025B"]
[Site "Skype"]
[Date "????.??.??"]
[Round "3.5"]
[White "Sanchez Padilla, Armando Edilber"]
[Black "Malbec, Robert"]
[Result "1-0"]
[WhiteElo "1329"]
[BlackElo "1394"]
[PlyCount "77"]

1. e4 e5 2. Nf3 Nc6 3. Nc3 Bb4 4. Nd5 Bc5 5. c3 a6 6. b4 Ba7 7. b5 axb5 8. Bxb5
d6 9. h3 Bd7 10. Qb3 Na5 11. Qa4 b6 12. d3 c6 13. Bxc6 Bxc6 14. Qb4 Bxd5 15.
exd5 Nf6 16. Bg5 O-O 17. O-O Nb7 18. c4 h6 19. Bh4 Nc5 20. Rad1 Nxd3 21. Rxd3
e4 22. Re3 exf3 23. Rxf3 Re8 24. Bg3 Ne4 25. Bh2 Qc7 26. Rf4 Nc5 27. Rg4 Re4
28. Bf4 g5 29. f3 Bb8 30. fxe4 Kh7 31. e5 Nd3 32. Qb1 Qc5+ 33. Kh1 Qxc4 34.
Bxg5 Qxd5 35. Rh4 Kg8 36. Rxh6 Rxa2 37. Rf3 Nxe5 38. Qh7+ Kf8 39. Qh8# 1-0

[Event "Tournoi Skype 025B"]
[Site "Skype"]
[Date "????.??.??"]
[Round "3.6"]
[White "Silva, Givson"]
[Black "Martin, Jean-Claude"]
[Result "1-0"]
[WhiteElo "1297"]
[BlackElo "1389"]
[PlyCount "57"]

1. e4 e5 2. f4 d6 3. Nf3 Nf6 4. Nc3 Nc6 5. Bb5 Bd7 6. d4 exd4 7. Bxc6 Bxc6 8.
Qxd4 Be7 9. Nd5 O-O 10. O-O Bxd5 11. exd5 Re8 12. f5 c5 13. Qc4 Qb6 14. b3 h6
15. Bd2 Bd8 16. Rae1 Be7 17. Re2 Kf8 18. Kh1 Qa6 19. Qxa6 bxa6 20. c4 Nh5 21.
g3 Bf6 22. Rxe8+ Rxe8 23. Re1 Bg5 24. Rxe8+ Kxe8 25. Bxg5 hxg5 26. Nxg5 f6 27.
Ne6 Kd7 28. Kg2 Kc8 29. Kf3 1-0

[Event "Tournoi Skype 025B"]
[Site "Skype"]
[Date "????.??.??"]
[Round "3.7"]
[White "Amato, Ludovica"]
[Black "Bustos, Ricardo"]
[Result "1-0"]
[WhiteElo "1379"]
[BlackElo "1174"]
[PlyCount "103"]

1. e4 c5 2. Nf3 e6 3. d4 cxd4 4. Nxd4 a6 5. a3 Qc7 6. Nc3 Nf6 7. Nf3 Be7 8. Be2
O-O 9. O-O Nc6 10. h3 b5 11. Be3 Bb7 12. Nd4 e5 13. Nxc6 Bxc6 14. f3 Rab8 15.
Nd5 Nxd5 16. exd5 Bb7 17. Qd2 Bc5 18. Bf2 d6 19. Rad1 Bxf2+ 20. Rxf2 a5 21.
Bxb5 Ba8 22. Qe2 Qc5 23. c4 Bb7 24. Ba4 Ba6 25. Rc1 Rb6 26. Kh1 Rfb8 27. Rc2
Qd4 28. Qd2 Qxd2 29. Rfxd2 Rc8 30. b3 Kf8 31. Rc3 Rc7 32. g3 f5 33. Re2 Rb8 34.
Kg2 Kf7 35. Rec2 Rc5 36. Bd7 Bc8 37. Bxc8 Rbxc8 38. b4 axb4 39. axb4 R5c7 40.
c5 dxc5 41. Rxc5 Rxc5 42. bxc5 Ke7 43. Kf2 g6 44. Ke3 g5 45. Rc4 h5 46. Kd3 Kd7
47. Kc3 Ke7 48. Kb4 Rb8+ 49. Ka5 Kd7 50. Ka6 Ra8+ 51. Kb7 Rc8 52. c6+ 1-0

[Event "Tournoi Skype 025B"]
[Site "Skype"]
[Date "????.??.??"]
[Round "3.8"]
[White "Farfallini, Michel"]
[Black "Hernandez, George"]
[Result "0-1"]
[WhiteElo "1245"]
[BlackElo "1334"]
[PlyCount "44"]

1. e4 e5 2. Nf3 Nc6 3. Bc4 Nf6 4. Ng5 d5 5. exd5 b5 6. Bxb5 Qxd5 7. Bxc6+ Qxc6
8. O-O Bb7 9. Nf3 e4 10. Re1 Bd6 11. d3 O-O 12. dxe4 Nxe4 13. Nbd2 Rae8 14. c3
Re6 15. Nd4 Bxh2+ 16. Kxh2 Qd6+ 17. Kg1 Rh6 18. N2f3 Rh1+ 19. Kxh1 Nxf2+ 20.
Kg1 Nxd1 21. Rxd1 Bxf3 22. Bd2 Bxd1 0-1

[Event "Tournoi Skype 025B"]
[Site "Skype"]
[Date "????.??.??"]
[Round "3.9"]
[White "Bendre, Pankaj"]
[Black "Felippe E Silva, Glenda"]
[Result "1-0"]
[WhiteElo "1486"]
[BlackElo "1288"]
[PlyCount "69"]

1. e4 c6 2. d4 d5 3. e5 Bf5 4. Bd3 Bg6 5. Nh3 e6 6. a3 Ne7 7. Nc3 Nf5 8. Ne2
Be7 9. c3 O-O 10. O-O Nd7 11. Bf4 c5 12. Ng3 Nxg3 13. Bxg3 Bxd3 14. Qxd3 cxd4
15. cxd4 Rc8 16. f4 Qb6 17. Qe2 Rc4 18. Bf2 Rfc8 19. Rab1 Rc2 20. Qg4 Rxb2 21.
Ra1 Rb3 22. Rac1 Qd8 23. a4 Ra3 24. Rb1 b6 25. f5 exf5 26. Qxf5 Qe8 27. Nf4
Rxa4 28. Nxd5 Rc6 29. Qe4 Rac4 30. Ne3 Rb4 31. Qxc6 Rxd4 32. Nf5 Rf4 33. Nxe7+
Qxe7 34. Qc7 a5 35. Rfd1 1-0

[Event "Tournoi Skype 025B"]
[Site "Skype"]
[Date "????.??.??"]
[Round "3.10"]
[White "Engul, Serdar"]
[Black "Santos, Joselito"]
[Result "0-1"]
[WhiteElo "1470"]
[BlackElo "1294"]
[PlyCount "76"]

1. e4 e5 2. Nf3 d6 3. Bc4 Nf6 4. h3 Be7 5. d3 O-O 6. Nc3 a6 7. O-O c5 8. Bg5 h6
9. Bh4 Nc6 10. Nd5 b5 11. Nxf6+ Bxf6 12. Bxf6 Qxf6 13. Bd5 Bd7 14. a3 Ra7 15.
c4 Rb8 16. Qc2 Nd4 17. Nxd4 exd4 18. f4 b4 19. a4 Be6 20. e5 Qe7 21. exd6 Qxd6
22. Be4 f5 23. Bf3 a5 24. Rae1 Re7 25. Re5 g6 26. Qe2 Kf7 27. h4 Rbe8 28. h5
Bd7 29. hxg6+ Kg7 30. Bh5 Rxe5 31. fxe5 Rxe5 32. Qf3 Bxa4 33. Qb7+ Qd7 34. Qa8
Bc2 35. g4 Bxd3 36. gxf5 Rxf5 37. Rxf5 Bxf5 38. Qe4 Bxe4 0-1

[Event "Tournoi Skype 025B"]
[Site "Skype"]
[Date "????.??.??"]
[Round "3.11"]
[White "Pezzolato, Erica"]
[Black "Latterra, Jeremias"]
[Result "1-0"]
[WhiteElo "1390"]
[BlackElo "1064"]
[PlyCount "49"]

1. Nf3 Nf6 2. g3 d5 3. Bg2 g6 4. d3 Bg7 5. O-O O-O 6. c3 a5 7. Bf4 Nbd7 8. Qd2
e5 9. Nxe5 Ne8 10. Nxd7 Qxd7 11. Bh6 Nd6 12. Bxg7 Kxg7 13. Bxd5 Qf5 14. Bg2 Re8
15. Re1 h5 16. e4 Qg4 17. h3 Qd7 18. Na3 b5 19. Rad1 Ra7 20. Nc2 Bb7 21. Qe3
Rea8 22. Qd4+ f6 23. e5 Bxg2 24. exf6+ Kf7 25. Re7+ 1-0

[Event "Tournoi Skype 025B"]
[Site "Skype"]
[Date "????.??.??"]
[Round "3.12"]
[White "De Coninck, Philippe"]
[Black "Tembhurnekar, Ritu"]
[Result "1/2-1/2"]
[WhiteElo "1354"]
[BlackElo "1140"]
[PlyCount "90"]

1. e4 e5 2. Nf3 Nc6 3. Bb5 Nge7 4. O-O a6 5. Bc4 d5 6. exd5 Nxd5 7. d3 Nf4 8.
h4 h6 9. Nc3 Be7 10. Bxf4 exf4 11. Qe2 O-O 12. h5 Bf6 13. Nd5 Qd6 14. c3 Na5
15. Qe4 Bd7 16. Nxf4 Nxc4 17. Qxc4 Rae8 18. Ng6 Be6 19. Qe4 fxg6 20. Qxg6 Bf7
21. Qf5 Re7 22. Rfe1 Rxe1+ 23. Rxe1 Re8 24. Rxe8+ Bxe8 25. Qc8 Kf8 26. Qf5 Bd7
27. Qe4 b5 28. d4 Bc6 29. Qf5 Bd7 30. Qd3 Qe6 31. a3 Qg4 32. Ne1 Bf5 33. Qf3
Qg5 34. Kf1 Bg4 35. Qg3 a5 36. Nd3 Qxh5 37. f4 Be2+ 38. Kg1 Bh4 39. Qh3 b4 40.
Qc8+ Ke7 41. Qxc7+ Kf8 42. Qc8+ Ke7 43. Qb7+ Kf8 44. Qc8+ Ke7 45. Qc7+ Kf8
1/2-1/2

[Event "Tournoi Skype 025B"]
[Site "Skype"]
[Date "????.??.??"]
[Round "3.13"]
[White "Hernandez Lopez, Joaquin"]
[Black "Rodriguez, Nathalie"]
[Result "1-0"]
[WhiteElo "1207"]
[BlackElo "1319"]
[PlyCount "65"]

1. e4 e5 2. Nf3 Nf6 3. Bc4 Nc6 4. Ng5 d5 5. exd5 Nxd5 6. d3 Be7 7. Nf3 h6 8.
O-O O-O 9. Re1 f6 10. Nc3 Be6 11. Nh4 Bf7 12. Nf5 Nxc3 13. Nxh6+ gxh6 14. Qg4+
Kh8 15. Bxf7 Rxf7 16. bxc3 Rg7 17. Qh4 Qg8 18. Qxh6+ Rh7 19. Qd2 Rf8 20. Re3
Rff7 21. Rg3 Qe8 22. Rb1 b6 23. Qe3 Bf8 24. Qf3 Bh6 25. Rh3 Bxc1 26. Rxh7+ Rxh7
27. Qxf6+ Rg7 28. Rxc1 Nd8 29. Re1 Nf7 30. Re4 Nd6 31. Rh4+ Kg8 32. Qh6 Rh7 33.
Qxh7+ 1-0

[Event "Tournoi Skype 025B"]
[Site "Skype"]
[Date "????.??.??"]
[Round "3.14"]
[White "Vervoort, Jean-Louis"]
[Black "Franco, Yolima"]
[Result "1-0"]
[WhiteElo "1192"]
[BlackElo "1574"]
[PlyCount "51"]

1. d4 d5 2. c4 c6 3. Nc3 Nf6 4. Bg5 Nbd7 5. e3 h6 6. Bxf6 exf6 7. cxd5 cxd5 8.
Nxd5 Nb6 9. Nc3 Bd6 10. Bb5+ Bd7 11. Bxd7+ Nxd7 12. Nf3 O-O 13. O-O f5 14. Qd3
g6 15. Rac1 Nf6 16. Rc2 Re8 17. Rfc1 Ng4 18. g3 a6 19. Nd5 b5 20. b4 Ra7 21.
Rc8 Qxc8 22. Rxc8 Rxc8 23. Kg2 Rc1 24. Qd2 Rc4 25. a3 Ra8 26. Nb6 1-0

[Event "Tournoi Skype 025B"]
[Site "Skype"]
[Date "????.??.??"]
[Round "3.15"]
[White "Moumtaz, Abderrahim"]
[Black "Galani, Mahendra"]
[Result "0-1"]
[WhiteElo "1244"]
[BlackElo "1484"]
[PlyCount "110"]

1. d4 d5 2. c4 Nf6 3. cxd5 Qxd5 4. Nc3 Qa5 5. Bd2 Qb6 6. a3 Qxd4 7. Nf3 Qd8 8.
Bf4 Bd7 9. e3 c6 10. Bd3 e6 11. O-O Nd5 12. Bg5 Be7 13. Bxe7 Qxe7 14. Nxd5 exd5
15. Re1 Qf6 16. b4 Bg4 17. e4 d4 18. h3 Bxf3 19. Qxf3 Qxf3 20. gxf3 Nd7 21. e5
O-O-O 22. Bf5 g6 23. Bxd7+ Kxd7 24. Rad1 Ke6 25. f4 Rhg8 26. Re4 d3 27. f3 Rd5
28. Kf2 Rgd8 29. Ke3 d2 30. Kf2 Rd3 31. Re3 R3d4 32. Re4 R4d5 33. Re2 Kf5 34.
Kg3 Rd4 35. h4 Rxf4 36. Rexd2 Rxd2 37. Rxd2 Kxe5 38. Re2+ Kf5 39. Re7 f6 40.
Rxh7 b5 41. Rxa7 Rc4 42. Rc7 Ke5 43. Rg7 Kf5 44. Rc7 Rc3 45. Ra7 Ke5 46. Re7+
Kf5 47. Rc7 Rc1 48. Kg2 Kf4 49. Kf2 Rc2+ 50. Kf1 Kxf3 51. Re7 Rf2+ 52. Kg1 Rg2+
53. Kf1 Rh2 54. Rh7 Ra2 55. Rc7 Ra1# 0-1

[Event "Tournoi Skype 025B"]
[Site "Skype"]
[Date "????.??.??"]
[Round "3.17"]
[White "Perez, Luis Horacio"]
[Black "Mendoza Lainez, Ricardo Jose"]
[Result "1-0"]
[WhiteElo "1397"]
[BlackElo "1206"]
[PlyCount "65"]

1. e3 e5 2. Nf3 Nc6 3. Bc4 d5 4. Bb3 Bf5 5. a3 e4 6. Nd4 Nxd4 7. exd4 Nf6 8.
Nc3 c6 9. d3 Bg4 10. f3 exf3 11. gxf3 Bh3 12. Qe2+ Be7 13. Bd2 O-O 14. O-O-O b5
15. Rhg1 Nh5 16. Bh6 Bf6 17. f4 Re8 18. Qxh5 Re3 19. f5 Qe8 20. Bxe3 Qxe3+ 21.
Kb1 b4 22. Rg3 Qxd4 23. Rxh3 h6 24. axb4 a5 25. b5 a4 26. Qe2 a3 27. Re3 a2+
28. Bxa2 Qb4 29. Re8+ Rxe8 30. Qxe8+ Kh7 31. Qxc6 Qg4 32. Bxd5 Qxf5 33. Be4 1-0

[Event "Tournoi Skype 025B"]
[Site "Skype"]
[Date "????.??.??"]
[Round "3.19"]
[White "Blaevoet, Rebecca"]
[Black "Gerbaux, Regis"]
[Result "0-1"]
[WhiteElo "1196"]
[BlackElo "1355"]
[PlyCount "50"]

1. e4 e6 2. c3 Nf6 3. d4 Nxe4 4. Qe2 Nf6 5. Nf3 d5 6. Qe3 Be7 7. Bb5+ Bd7 8. a4
a6 9. b3 axb5 10. axb5 Rxa1 11. Qd3 c6 12. bxc6 bxc6 13. O-O c5 14. dxc5 Bxc5
15. Bb2 Ra8 16. Nbd2 Qb6 17. h3 Bb5 18. c4 dxc4 19. bxc4 Ba6 20. Bc3 Nbd7 21.
Bd4 Rd8 22. Nb1 Bxd4 23. Nxd4 Ne5 24. Qd1 O-O 25. Nc3 Rxd4 0-1

[Event "Tournoi Skype 025B"]
[Site "Skype"]
[Date "????.??.??"]
[Round "3.20"]
[White "Luna Perez Vico, Lorenzo"]
[Black "Chavez, Isidro"]
[Result "1-0"]
[WhiteElo "1352"]
[BlackElo "1189"]
[PlyCount "72"]

1. e4 e5 2. Nf3 Nc6 3. Bc4 Be7 4. d4 Nf6 5. Nc3 h6 6. dxe5 Ng8 7. Nd5 Bc5 8.
Be3 d6 9. exd6 Bxd6 10. a3 Be5 11. Nxe5 Nxe5 12. Be2 Be6 13. Bf4 Bxd5 14. exd5
Ng6 15. Bg3 Nf6 16. Bb5+ Nd7 17. Qe2+ Qe7 18. Qxe7+ Nxe7 19. Bxc7 a6 20. Bxd7+
Kxd7 21. d6 Nd5 22. O-O-O Nf4 23. g3 Ne2+ 24. Kb1 Rhe8 25. Bb6 Rac8 26. Be3
Nc3+ 27. bxc3 Rxc3 28. Kb2 Rec8 29. Rd2 b5 30. Rc1 a5 31. Bd4 R3c4 32. c3 R8c6
33. Rcc2 Kxd6 34. Bxg7+ Ke6 35. Bd4 Kd5 36. Bb6+ Ke4 1-0